|
|
|
|
| LEADER |
03848nas a2200721 i 4500 |
| 001 |
nkc20071760342 |
| 003 |
CZ PrNK |
| 005 |
20260107102431.0 |
| 007 |
ta |
| 008 |
071023c20059999xr gr 1 b0cze |
| 015 |
|
|
|a cnb001760342
|
| 035 |
|
|
|a (OCoLC)190754026
|
| 040 |
|
|
|a ABA001
|b cze
|d BOA001
|e rda
|
| 041 |
0 |
|
|a cze
|a slo
|
| 072 |
|
7 |
|a 543
|x Analytická chemie
|2 Konspekt
|9 10
|
| 080 |
|
|
|a 543.3
|2 MRF
|
| 080 |
|
|
|a (062.534)
|2 MRF
|
| 111 |
2 |
|
|a Hydroanalytika (konference)
|7 kn20071029031
|4 aut
|
| 245 |
1 |
0 |
|a Hydroanalytika ... :
|b sborník ... konference, Hradec Králové, ...
|
| 264 |
|
1 |
|a Praha :
|b CSlab spol. s r.o.,
|c [2005]-
|
| 300 |
|
|
|a ^^^svazků :
|b ilustrace ;
|c 30 cm
|
| 310 |
|
|
|a 1x za 2 roky
|
| 336 |
|
|
|a text
|b txt
|2 rdacontent
|
| 337 |
|
|
|a bez média
|b n
|2 rdamedia
|
| 338 |
|
|
|a svazek
|b nc
|2 rdacarrier
|
| 362 |
0 |
|
|a 1. konference/2005-
|
| 500 |
|
|
|a Součástí názvu je označení běžného roku, součástí podnázvu řadová číslovka a datum
|
| 500 |
|
|
|a Nad názvem: Ústav technologie vody a prostředí, VŠCHT Praha; Odborná skupina pro analýzy a měření AČE ČR (název korporace se v průběhu vydávání mění); CSlab spol. s r.o.
|
| 500 |
|
|
|a Jednotlivé svazky mají ISBN
|
| 546 |
|
|
|a Částečně slovenský text
|
| 541 |
|
|
|c pv-r
|
| 650 |
0 |
7 |
|a analýza vody
|7 ph134708
|2 czenas
|
| 650 |
0 |
9 |
|a water analysis
|2 eczenas
|
| 655 |
|
7 |
|a sborníky konferencí
|7 fd133333
|2 czenas
|
| 655 |
|
9 |
|a proceedings of conferences
|2 eczenas
|
| 710 |
2 |
|
|a Vysoká škola chemicko-technologická v Praze.
|b Ústav technologie vody a prostředí
|7 kn20010710072
|4 orm
|
| 710 |
2 |
|
|a Asociace čistírenských expertů České republiky.
|b Odborná skupina pro analýzy a měření
|7 kn20071029032
|4 orm
|
| 710 |
2 |
|
|a Asociace pro vodu ČR.
|b Odborná skupina pro analýzy a měření
|7 kn20111220001
|4 orm
|
| 710 |
2 |
|
|a Centrum služeb laboratořím
|7 olak2005266673
|4 orm
|
| 902 |
|
|
|a 80-239-5479-2
|q (2005/1 ;
|q brožováno)
|
| 902 |
|
|
|a 978-80-239-9815-3
|q (2007/2 ;
|q brožováno)
|
| 902 |
|
|
|a 978-80-254-4823-6
|q (2009/3 ;
|q brožováno)
|
| 902 |
|
|
|a 978-80-904986-0-0
|q (2011/4 ;
|q brožováno)
|
| 902 |
|
|
|a 978-80-904986-1-7
|q (2013/5 ;
|q brožováno)
|
| 902 |
|
|
|a 978-80-904986-2-4
|q (2015/6 ;
|q brožováno)
|
| 902 |
|
|
|a 978-80-904986-3-1
|q (2017/7 ;
|q brožováno)
|
| 902 |
|
|
|a 978-80-904986-4-8
|q (2019/8 ;
|q brožováno)
|
| 902 |
|
|
|a 978-80-904986-5-5
|q (2022/9 ;
|q brožováno)
|
| 902 |
|
|
|a 978-80-904986-6-2
|q (2024/10 ;
|q brožováno)
|
| 910 |
2 |
|
|a BOA001
|b 00099-1184.524
|s 2(2007)-10(2024)-
|
| 920 |
|
|
|a 000869958
|
| 990 |
|
|
|a SE
|
| 995 |
|
|
|a 01
|
| 991 |
|
|
|b 202302
|
| 996 |
6 |
|
|b 2610320923
|c 00099-1184.524
|d 2007 2
|v 2
|y 2007
|l MZK
|r Sklad / do 1 hodiny
|n 0
|p p.v.
|w 000869958
|u 000010
|a 1
|e BOA001
|j MZK50
|s P
|
| 996 |
6 |
|
|b 2610481876
|c 00099-1184.524
|d 2009 3
|v 3
|y 2009
|l MZK
|r Sklad / do 1 hodiny
|n 0
|p p.v.
|w 000869958
|u 000020
|a 1
|e BOA001
|j MZK50
|s P
|
| 996 |
6 |
|
|b 2610494623
|c 00099-1184.524
|d 2011 4
|v 4
|y 2011
|l MZK
|r Sklad / do 1 hodiny
|n 0
|p p.v.
|w 000869958
|u 000030
|a 1
|e BOA001
|j MZK50
|s P
|
| 996 |
6 |
|
|b 2610565237
|c 00099-1184.524
|d 2013 5
|v 5
|y 2013
|l MZK
|r Sklad / do 1 hodiny
|n 0
|p p.v.
|w 000869958
|u 000040
|a 1
|e BOA001
|j MZK50
|s P
|
| 996 |
6 |
|
|b 2610653601
|c 00099-1184.524
|d 2015 6
|v 6
|y 2015
|l MZK
|r Sklad / do 1 hodiny
|n 1
|p p.v.
|w 000869958
|u 000050
|a 1
|e BOA001
|j MZK50
|s P
|
| 996 |
6 |
|
|b 2610719481
|c 00099-1184.524
|d 2017 7
|v 7
|y 2017
|l MZK
|r Sklad / do 1 hodiny
|n 0
|p p.v.
|w 000869958
|u 000060
|a 1
|e BOA001
|j MZK50
|s P
|
| 996 |
6 |
|
|b 2610810686
|c 00099-1184.524
|d 2019 8
|v 8
|y 2018
|l MZK
|r Sklad / do 1 hodiny
|n 0
|p p.v.
|w 000869958
|u 000070
|a 1
|e BOA001
|j MZK50
|s P
|
| 996 |
6 |
|
|b 2610932086
|c 00099-1184.524
|d 2022 9
|v 9
|y 2022
|l MZK
|r Sklad / do 1 hodiny
|n 0
|p p.v.
|w 000869958
|u 000080
|a 1
|e BOA001
|j MZK50
|s P
|
| 996 |
6 |
|
|b 2611012937
|c 00099-1184.524
|d 2024 10
|v 10
|y 2024
|l MZK
|r Sklad / do 1 hodiny
|n 0
|p p.v.
|w 000869958
|u 000090
|a 1
|e BOA001
|j MZK50
|s P
|